LEADER 01253nam a2200301 u 4500 001 000000070160 003 CaOOAMICUS 005 20070226122006.0 008 020429s1980 gw u000 u ger u 020 $a3921626153 035 $a10928147 040 $aPUL(R)$bita 041 1 $ager$heng 100 1 $aSpae, Joseph John.$0(OLS)http://pul/name/46678 240 10$aChurch and China : Towards Reconciliation?.$lTedesco.$0(OLS)http://pul/title/92546 245 10$aKirche unterm roten Stern :$bneue Hoffnung für Chinas Christen? /$cJoseph J. Spae. 260 $aAachen :$bMissio aktuell Verlag,$c1980. 300 $a143 p. ;$c21 cm 500 $aInclude indici. 504 $a"Bibliographie und Abkürzungen": p. 142-143. 610 24$aChiesa cattolica$zCina.$0(OLS)http://pul/subject/21929 850 $aPUL 852 $aPUL$W1$xSL Filosofia 1$y2$m131 E 27$j90798$nBK-PRI$b $qStampati$B90798$CPULBib$Z2$F90798 $H $81 941 1 $a8 961 $aINV: 66866 996 $6020$a3921626153$9(OLS)http://pul/number/90787 996 $6245$aKirche unterm roten Stern :$bneue Hoffnung für Chinas Christen?$9(OLS)http://pul/title/92547 996 $6260$aAachen :$bMissio aktuell Verlag$9(OLS)http://pul/publisher/72938 LEADER 01511namaa2200385 i 4500 001 000000178103 003 CaOOAMICUS 005 20250929093650.0 007 tu 008 250929s2025 it 000 u ita r 020 $a978-88-9364-495-2* 040 $aPUL$bita$erda 082 0 $a160 100 1 $aAles Bello, Angela,$d1939-,$eautore.$0(OLS)http://pul/name/22845 245 10$aHusserl e le scienze /$cAngela Ales Bello. 250 $a1 edizione 264 4$c©2025. 264 1$aBologna :$bIn riga edizioni,$c[2025] 300 $a216 pagine ;$c24 cm 336 $atesto$btxt$2rdacontent 337 $asenza mediazione$bn$2rdamedia 338 $avolume$bnc$2rdacarrier 490 1 $aIl filo della conoscenza 504 $aBibliografia in nota a piè pagina ed a pagine : 205-213. 600 14$aHusserl, Edmund,$d1859-1938$xCritica e interpretazione.$0(OLS)http://pul/subject/19387 830 3$aIl filo della conoscenza.$0(OLS)http://pul/title/219660 850 $aPUL 852 $aPUL$W1$xSL Filosofia 3$y81$m160 ALEAN 1$j201997$qDDC 21$B207117$CPULBib$Z2$F207117 $H138169 $82 941 1 $a9 996 $6020$a978-88-9364-495-2*$9(OLS)http://pul/number/170606 996 $6082$a160$9(OLS)http://pul/classification/596 996 $6245$aHusserl e le scienze$9(OLS)http://pul/title/79681 996 $6264$aBologna :$bIn riga edizioni$9(OLS)http://pul/publisher/87681 996 $6264$a[S.l.] :$b[s.n.]$9(OLS)http://pul/publisher/0